[Event "LTU-ch"]
[Site "Vilnius"]
[Date "2019.03.20"]
[Round "8"]
[White "Jasiunas, Raimundas"]
[Black "Slusnys, Evaldas"]
[Result "0-1"]
[WhiteElo "1760"]
[BlackElo "1849"]
[PlyCount "86"]
[EventDate "2019.03.15"]
[EventType "swiss"]
[EventRounds "9"]
[EventCountry "LTU"]
[SourceTitle "EXT 2020"]
[Source "ChessBase"]
[SourceDate "2019.10.17"]
[SourceVersion "1"]
[SourceVersionDate "2019.10.17"]
[SourceQuality "1"]

1. e4 e5 2. Nf3 Nc6 3. d4 exd4 4. Nxd4 Bc5 5. Be3 Qf6 6. c3 Nge7 7. Be2 d5 8. Bf3 Ne5 9. 0-0 Nxf3+ 10. Qxf3 Qxf3 11. gxf3 Bh3 12. Re1 0-0-0 13. e5 Rhe8 14. Nd2 Ng6 15. f4 Bxd4 16. cxd4 Nh4 17. f3 Re6 18. Kf2 Rg6 19. Rg1 Nf5 20. Rxg6 hxg6 21. Nf1 Bxf1 22. Rxf1 Rh8 23. Rh1 Kd7 24. h3 Rh4 25. Rh2 b6 26. Ke2 Ng3+ 27. Kd3 Rh8 28. Bf2 Nf5 29. b4 b5 30. Be1 c6 31. Rh1 Ke6 32. Rh2 Ne7 33. Ke3 Nc8 34. Rc2 Kd7 35. Rh2 Nb6 36. h4 Ke6 37. Bg3 a5 38. bxa5 Nc4+ 39. Kd3 Nxa5 40. a4 bxa4 41. Ra2 Nc4 42. Kc3 a3 43. Kb4 Rb8+ 0-1

[Event "LTU-ch"]
[Site "Vilnius"]
[Date "2019.03.19"]
[Round "7"]
[White "Norkeliunas, Matas"]
[Black "Jasiunas, Raimundas"]
[Result "0-1"]
[WhiteElo "1347"]
[BlackElo "1760"]
[PlyCount "74"]
[EventDate "2019.03.15"]
[EventType "swiss"]
[EventRounds "9"]
[EventCountry "LTU"]
[SourceTitle "EXT 2020"]
[Source "ChessBase"]
[SourceDate "2019.10.17"]
[SourceVersion "1"]
[SourceVersionDate "2019.10.17"]
[SourceQuality "1"]

1. b4 e5 2. Bb2 d6 3. e3 Nf6 4. d4 exd4 5. exd4 Be7 6. Nf3 d5 7. Be2 Bxb4+ 8. c3 Bd6 9. 0-0 0-0 10. Nbd2 Bf5 11. c4 c6 12. Qb3 b6 13. Rac1 Nbd7 14. cxd5 cxd5 15. Bb5 Rc8 16. Bc6 Be4 17. Nxe4 dxe4 18. Ng5 Bf4 19. Bxd7 Bxc1 20. Nxf7 Qxd7 21. Nd6+ Kh8 22. Nxc8 Bxb2 23. Qxb2 Rxc8 24. f3 e3 25. Re1 Nd5 26. Re2 Qc6 27. Re1 Qc2 28. Qa1 h5 29. Kh1 Nf4 30. Rg1 e2 31. Qe1 Qd3 32. Qh4 Qxd4 33. Re1 Qe5 34. g3 Nd3 35. Rxe2 Rc1+ 36. Kg2 Qxe2+ 37. Kh3 Qf1# 0-1

[Event "LTU-ch"]
[Site "Vilnius"]
[Date "2019.03.17"]
[Round "4"]
[White "Jasiunas, Raimundas"]
[Black "Vazgauskas, Povilas"]
[Result "1-0"]
[WhiteElo "1760"]
[BlackElo "1560"]
[PlyCount "61"]
[EventDate "2019.03.15"]
[EventType "swiss"]
[EventRounds "9"]
[EventCountry "LTU"]
[SourceTitle "EXT 2020"]
[Source "ChessBase"]
[SourceDate "2019.10.17"]
[SourceVersion "1"]
[SourceVersionDate "2019.10.17"]
[SourceQuality "1"]

1. e4 c5 2. Nf3 d6 3. d4 cxd4 4. Nxd4 Nf6 5. Bd3 g6 6. c4 b6 7. 0-0 Bg7 8. Nc3 Nd5 9. cxd5 Bxd4 10. Bb5+ Nd7 11. Qxd4 f6 12. Bh6 Kf7 13. Bc6 Rb8 14. f4 Bb7 15. e5 Bxc6 16. dxc6 Nc5 17. Qd5+ Ne6 18. exf6 exf6 19. Nb5 Rc8 20. Nxd6+ Ke7 21. Nxc8+ Qxc8 22. f5 Rd8 23. Qxe6+ Qxe6 24. fxe6 Kxe6 25. Bf4 g5 26. c7 Rc8 27. Bg3 f5 28. Rac1 f4 29. Rfd1 Ke7 30. Bf2 h6 31. a4 1-0

[Event "Vilnius Zavanelli Memorial op-B"]
[Site "Vilnius"]
[Date "2018.10.28"]
[Round "7"]
[White "Bagdanskis, Dangis"]
[Black "Jasiunas, Raimundas"]
[Result "1-0"]
[WhiteElo "1736"]
[BlackElo "1789"]
[PlyCount "120"]
[EventDate "2018.10.25"]
[EventType "swiss"]
[EventRounds "7"]
[EventCountry "LTU"]
[SourceTitle "EXT 2021"]
[Source "ChessBase"]
[SourceDate "2020.10.23"]
[SourceVersion "1"]
[SourceVersionDate "2020.10.23"]
[SourceQuality "1"]

1. d4 d5 2. Nf3 Bf5 3. c3 Nf6 4. Qb3 b6 5. Bf4 c6 6. Ne5 e6 7. Nd2 Bd6 8. Ndf3 Bxe5 9. Nxe5 Nfd7 10. Nf3 0-0 11. e3 c5 12. Qa4 c4 13. b3 cxb3 14. axb3 a6 15. Be2 Qc8 16. 0-0 Qb7 17. c4 Rc8 18. Nh4 Bg6 19. Nxg6 hxg6 20. Bf3 Nf6 21. h3 Nc6 22. Be2 a5 23. Rfc1 Nb4 24. Bd6 Na6 25. Bf3 Rc6 26. Be5 Rac8 27. Bxf6 gxf6 28. Qb5 Nb4 29. Rxa5 Qe7 30. Ra4 Nd3 31. Rc3 Ne1 32. Be2 e5 33. Qxd5 exd4 34. Qxd4 Rd6 35. Qg4 f5 36. Qg3 Rcd8 37. f4 Nd3 38. Ra1 Nc5 39. Qe1 Ne4 40. Rc2 Nc5 41. Bf3 Nxb3 42. Rd1 Nc5 43. Bd5 b5 44. Rb1 bxc4 45. Bxc4 Ne4 46. Kh2 Nd2 47. Rbb2 Nxc4 48. Rxc4 Re6 49. Rb3 Re8 50. Rcc3 Re4 51. Qc1 g5 52. Qd2 gxf4 53. exf4 Qh4 54. Rg3+ Kh7 55. Qd7 Qf6 56. Rg5 Qe6 57. Rbg3 Kh6 58. Qd1 Re2 59. Qd4 f6 60. Rg6+ Kh5 1-0

[Event "Vilnius Zavanelli Memorial op-B"]
[Site "Vilnius"]
[Date "2018.10.27"]
[Round "5"]
[White "Jasiunas, Raimundas"]
[Black "Narmontas, Raimondas"]
[Result "0-1"]
[WhiteElo "1789"]
[BlackElo "2038"]
[PlyCount "90"]
[EventDate "2018.10.25"]
[EventType "swiss"]
[EventRounds "7"]
[EventCountry "LTU"]
[SourceTitle "EXT 2021"]
[Source "ChessBase"]
[SourceDate "2020.10.23"]
[SourceVersion "1"]
[SourceVersionDate "2020.10.23"]
[SourceQuality "1"]

1. e4 d5 2. exd5 Qxd5 3. Nc3 Qa5 4. d4 Nf6 5. Be2 Bf5 6. Nf3 c6 7. 0-0 e6 8. a3 Bd6 9. h3 Nbd7 10. Bd3 Bxd3 11. Qxd3 Qh5 12. Re1 0-0 13. Ne4 Nxe4 14. Qxe4 Nf6 15. Qe2 Rfd8 16. Bg5 Qg6 17. c4 a5 18. b3 Rd7 19. Bh4 Nh5 20. Qe4 Nf4 21. Bg3 f5 22. Qc2 Rad8 23. Rad1 Nh5 24. Bxd6 Rxd6 25. Qc1 Nf6 26. Re5 Ne4 27. Re1 Ra8 28. Qf4 Rd7 29. h4 h6 30. h5 Qf6 31. g4 g5 32. hxg6 Qxg6 33. Nh4 Qf6 34. gxf5 Ng5 35. Kh1 Rad8 36. Qg3 Rg7 37. Qe3 Nf7 38. Re4 exf5 39. Rf4 Qg5 40. Qf3 Nd6 41. c5 Re8 42. Rxe8+ Nxe8 43. Ng2 Nf6 44. Rxf5 Qc1+ 45. Kh2 Ng4+ 0-1

[Event "LTU-ch"]
[Site "Vilnius"]
[Date "2017.03.03"]
[Round "9"]
[White "Jasiunas, Raimundas"]
[Black "Bagvilas, Lukas"]
[Result "0-1"]
[WhiteElo "1823"]
[BlackElo "1740"]
[PlyCount "106"]
[EventDate "2017.02.25"]
[EventType "swiss"]
[EventRounds "9"]
[EventCountry "LTU"]
[SourceTitle "CBM 177 Extra"]
[Source "ChessBase"]
[SourceDate "2017.04.27"]
[SourceVersion "1"]
[SourceVersionDate "2017.04.27"]
[SourceQuality "1"]

1. e4 c5 2. Nf3 e6 3. d4 cxd4 4. Nxd4 Bc5 5. Be3 Qb6 6. Nc3 Nc6 7. Na4 Qa5+ 8. c3 Bxd4 9. Bxd4 Nxd4 10. Qxd4 e5 11. Qd6 Qxa4 12. Qxe5+ Kf8 13. Bb5 Qa5 14. Qd6+ Ne7 15. Bc4 Qb6 16. Qa3 d6 17. Rd1 Qc5 18. Qb3 Nc6 19. Rd5 Na5 20. Rxc5 Nxb3 21. Rc7 Na5 22. Bxf7 Nc6 23. Bd5 Ne7 24. Bxb7 Bxb7 25. Rxb7 Kf7 26. Ke2 Rhb8 27. Rxb8 Rxb8 28. b3 Rc8 29. c4 Rc6 30. Rd1 Ke6 31. f4 Ra6 32. Rd2 Nc6 33. Ke3 Nb4 34. a4 Nc6 35. Kd3 Nd8 36. Ra2 Rb6 37. Kc3 a5 38. Rb2 Rb4 39. Rd2 Nb7 40. e5 dxe5 41. Re2 Nc5 42. Rxe5+ Kd6 43. Kc2 Nxb3 44. Rg5 g6 45. g4 Nc5 46. Rd5+ Kc6 47. Kc3 Nxa4+ 48. Kd3 Nb2+ 49. Ke2 Nxc4 50. Rg5 a4 51. f5 a3 52. f6 a2 53. f7 a1Q 0-1

[Event "LTU-ch"]
[Site "Vilnius"]
[Date "2017.03.02"]
[Round "8"]
[White "Tilvikas, Justas"]
[Black "Jasiunas, Raimundas"]
[Result "1-0"]
[WhiteElo "1987"]
[BlackElo "1823"]
[PlyCount "32"]
[EventDate "2017.02.25"]
[EventType "swiss"]
[EventRounds "9"]
[EventCountry "LTU"]
[SourceTitle "CBM 177 Extra"]
[Source "ChessBase"]
[SourceDate "2017.04.27"]
[SourceVersion "1"]
[SourceVersionDate "2017.04.27"]
[SourceQuality "1"]

1. d4 d5 2. Nc3 Bf5 3. f3 Nf6 4. Bf4 e6 5. g4 Bg6 6. e3 Bd6 7. Nge2 h6 8. Qd2 Bb4 9. Bg2 c6 10. h4 Nbd7 11. 0-0-0 Qa5 12. Kb1 0-0-0 13. a3 Be7 14. e4 dxe4 15. fxe4 Nxg4 16. Nd5 exd5 1-0

[Event "LTU-ch"]
[Site "Vilnius"]
[Date "2017.03.01"]
[Round "6"]
[White "Zilakauskis, Steponas"]
[Black "Jasiunas, Raimundas"]
[Result "0-1"]
[WhiteElo "1619"]
[BlackElo "1823"]
[PlyCount "168"]
[EventDate "2017.02.25"]
[EventType "swiss"]
[EventRounds "9"]
[EventCountry "LTU"]
[SourceTitle "CBM 177 Extra"]
[Source "ChessBase"]
[SourceDate "2017.04.27"]
[SourceVersion "1"]
[SourceVersionDate "2017.04.27"]
[SourceQuality "1"]

1. d4 d5 2. c4 c6 3. Nc3 Nf6 4. Nf3 e6 5. Bg5 Nbd7 6. e3 Be7 7. cxd5 exd5 8. Bd3 0-0 9. 0-0 Re8 10. Rc1 Ne4 11. Bf4 Ndf6 12. Ne5 Bd6 13. f3 Nxc3 14. Rxc3 Bxe5 15. Bxe5 Nd7 16. Bg3 g6 17. Re1 Nf8 18. Rc2 Ne6 19. b4 Ng7 20. Rce2 Bf5 21. Bf2 Qb6 22. a3 a5 23. Bxf5 Nxf5 24. e4 Nd6 25. Qb3 Nc4 26. Rb1 Qb5 27. Rc2 axb4 28. Qxb4 Qxb4 29. Rxb4 Rxa3 30. h3 b6 31. Kh2 Rea8 32. Kg3 h5 33. h4 Kf8 34. exd5 cxd5 35. Rb5 R8a5 36. Rxa5 Rxa5 37. Be1 Rb5 38. Ra2 Ke7 39. Ra7+ Ke6 40. Kf4 Rb1 41. Bc3 Rc1 42. Bb4 Rb1 43. Bc3 Rb3 44. Ba1 b5 45. Ra6+ Kd7 46. Ra7+ Ke6 47. Ra6+ Ke7 48. Ra7+ Kf6 49. Rb7 Ra3 50. Rxb5 Rxa1 51. Rxd5 Ke6 52. Rc5 Nd6 53. g4 hxg4 54. fxg4 Rf1+ 55. Ke3 Re1+ 56. Kd3 Re4 57. Rg5 Re1 58. Rc5 Rh1 59. h5 Rh3+ 60. Ke2 gxh5 61. Rxh5 Rxh5 62. gxh5 Kf6 63. Ke3 Kg5 64. h6 Kxh6 65. Kf4 f6 66. d5 Kh5 67. Kf3 Kg5 68. Kg3 Kf5 69. Kf3 Ke5 70. Ke3 f5 71. Kf3 Kxd5 72. Kf4 Kd4 73. Kf3 Ke5 74. Ke3 f4+ 75. Kf3 Kf5 76. Kf2 Ke4 77. Ke2 f3+ 78. Kf2 Nf5 79. Kg1 Ke3 80. Kf1 Ng3+ 81. Kg1 f2+ 82. Kg2 f1Q+ 83. Kh2 Qh1+ 84. Kxg3 Qg1+ 0-1

[Event "LTU-ch"]
[Site "Vilnius"]
[Date "2017.02.27"]
[Round "4"]
[White "Vicas, Marijus"]
[Black "Jasiunas, Raimundas"]
[Result "1-0"]
[WhiteElo "2043"]
[BlackElo "1823"]
[PlyCount "99"]
[EventDate "2017.02.25"]
[EventType "swiss"]
[EventRounds "9"]
[EventCountry "LTU"]
[SourceTitle "CBM 177 Extra"]
[Source "ChessBase"]
[SourceDate "2017.04.27"]
[SourceVersion "1"]
[SourceVersionDate "2017.04.27"]
[SourceQuality "1"]

1. e4 c5 2. Nc3 Nc6 3. f4 d6 4. Nf3 g6 5. Bc4 Bg7 6. 0-0 e6 7. d3 Nge7 8. Qe1 a6 9. a3 Qc7 10. Kh1 Bd7 11. Rb1 Nd4 12. Nxd4 Bxd4 13. f5 0-0-0 14. Bg5 Rde8 15. fxe6 Bxe6 16. Bxe6+ fxe6 17. Ne2 Nc6 18. c3 Bg7 19. b4 Rhf8 20. Bf4 Be5 21. Be3 Qe7 22. d4 cxd4 23. cxd4 Bg7 24. a4 Rxf1+ 25. Qxf1 Qh4 26. b5 axb5 27. axb5 Nd8 28. Ng3 Kd7 29. Qc4 Nf7 30. Rc1 Qd8 31. d5 Ne5 32. dxe6+ Rxe6 33. Qd5 Qb8 34. Bb6 Re7 35. Ne2 Ke8 36. Nf4 Nf7 37. Ne6 Be5 38. g3 h6 39. Kg2 g5 40. h3 Bb2 41. Rc2 Be5 42. h4 gxh4 43. gxh4 Bf6 44. Kh3 Be5 45. Rg2 Rxe6 46. Qxe6+ Kf8 47. Rf2 Qe8 48. Qxh6+ Ke7 49. Qg6 Qd7+ 50. Kg2 1-0

[Event "LTU-ch"]
[Site "Vilnius"]
[Date "2017.02.26"]
[Round "3"]
[White "Jasiunas, Raimundas"]
[Black "Posaskov, Nikita"]
[Result "1-0"]
[WhiteElo "1823"]
[BlackElo "1378"]
[PlyCount "96"]
[EventDate "2017.02.25"]
[EventType "swiss"]
[EventRounds "9"]
[EventCountry "LTU"]
[SourceTitle "CBM 177 Extra"]
[Source "ChessBase"]
[SourceDate "2017.04.27"]
[SourceVersion "1"]
[SourceVersionDate "2017.04.27"]
[SourceQuality "1"]

1. e4 c6 2. d4 d5 3. Nd2 dxe4 4. Nxe4 Bf5 5. Ng3 Bg6 6. Nf3 Nf6 7. Bd3 e6 8. 0-0 Bxd3 9. Qxd3 Be7 10. Re1 0-0 11. h3 Nbd7 12. c4 Bd6 13. Ne4 Nxe4 14. Qxe4 Nf6 15. Qc2 Qc7 16. Bg5 Nd7 17. Qe4 Rfe8 18. c5 Be7 19. Bf4 Qd8 20. Qc2 Nf6 21. Rad1 Nd5 22. Bg3 Nf6 23. Qb3 Qc8 24. Ne5 Nd7 25. Nxf7 Kxf7 26. Rxe6 Kf8 27. Rde1 Nf6 28. Rxe7 Rxe7 29. Bd6 Nd5 30. Qf3+ Ke8 31. Bxe7 Nxe7 32. Qh5+ Kd7 33. Qg4+ Ke8 34. Qxg7 Qd8 35. Qxh7 Kd7 36. Qf7 Qf8 37. Qe6+ Ke8 38. d5 cxd5 39. c6 bxc6 40. Qxc6+ Kf7 41. Qe6+ Ke8 42. Qxd5 Rd8 43. Qb5+ Kf7 44. Qh5+ Kg7 45. Qe5+ Kf7 46. Re3 Ke8 47. f4 Rd1+ 48. Kh2 Rf1 1-0

[Event "LTU-ch sf"]
[Site "Vilnius"]
[Date "2015.02.21"]
[Round "5"]
[White "Bieliauskas, Marius"]
[Black "Jasiunas, Raimundas"]
[Result "1/2-1/2"]
[WhiteElo "2165"]
[BlackElo "1755"]
[PlyCount "96"]
[EventDate "2015.02.18"]
[EventType "swiss"]
[EventRounds "8"]
[EventCountry "LTU"]
[SourceTitle "CBM 165 Extra"]
[Source "ChessBase"]
[SourceDate "2015.04.21"]
[SourceVersion "1"]
[SourceVersionDate "2015.04.21"]
[SourceQuality "1"]

1. d4 d5 2. c4 c6 3. Nf3 Nf6 4. e3 e6 5. Nc3 Nbd7 6. Qc2 Bd6 7. Be2 0-0 8. 0-0 Re8 9. Rd1 h6 10. e4 dxe4 11. Nxe4 Nxe4 12. Qxe4 Nf6 13. Qh4 Nh7 14. Qe4 Nf6 15. Qc2 Qc7 16. b3 c5 17. h3 b6 18. Bb2 Bb7 19. dxc5 Bxc5 20. Be5 Qe7 21. Ne1 Red8 22. Bf3 Bxf3 23. Nxf3 Rxd1+ 24. Rxd1 Rd8 25. Rxd8+ Qxd8 26. Qd2 Qxd2 27. Nxd2 Nd7 28. Bc3 a5 29. Kf1 e5 30. Ke2 f6 31. Ne4 Be7 32. Bb2 Kf7 33. Nc3 Ke6 34. Na4 f5 35. f3 g6 36. Bc1 f4 37. Nc3 Nf6 38. Kd3 g5 39. Ne4 Nd7 40. Bd2 Kf5 41. Be1 Nc5+ 42. Nxc5 Bxc5 43. Bc3 h5 44. Bd2 Be7 45. Bc3 Bc5 46. Be1 Be7 47. Bc3 Bc5 48. Bd2 Be7 1/2-1/2